Online Catalogue and eLibrary

Places and the Politics of Identity (Record no. 1486)

MARC details
000 -LEADER
fixed length control field 00521nam a2200205Ia 4500
005 - DATE AND TIME OF LATEST TRANSACTION
control field 20250130000936.0
008 - FIXED-LENGTH DATA ELEMENTS--GENERAL INFORMATION
fixed length control field 240331s9999 xx 000 0 und d
020 ## - INTERNATIONAL STANDARD BOOK NUMBER
ISBN 0415090091
082 ## - DDC Classification
Item Number - Author Mark KEI
DDC Edition Number 3449
Class No. 304.2
245 #0 - TITLE STATEMENT
Title Places and the Politics of Identity
260 ## - PUBLICATION, DISTRIBUTION, ETC.
Place of publication, distribution, etc. London
-- New York
Name of publisher, distributor, etc. Routledge
Date of publication, distribution, etc. 1993
300 ## - PHYSICAL DESCRIPTION
Extent (e.g. Volumes, Pages etc.) viii, 235 p.,
650 ## - SUBJECT ADDED ENTRY--TOPICAL TERM
Topical term or geographic name entry element Cultural Politics
650 ## - SUBJECT ADDED ENTRY--TOPICAL TERM
Topical term or geographic name entry element Identity
650 ## - SUBJECT ADDED ENTRY--TOPICAL TERM
Topical term or geographic name entry element Social Justice
650 ## - SUBJECT ADDED ENTRY--TOPICAL TERM
Topical term or geographic name entry element Philosophy
700 ## - ADDED ENTRY--PERSONAL NAME
Personal name Keith, M
Relator term (Role) Editor
700 ## - ADDED ENTRY--PERSONAL NAME
Personal name Pile, S
Relator term (Role) Editor
942 ## - Koha item type (Biblio)
Koha item type Books in Stacks (Lending)
Holdings
Lost status Damaged status Collection code Home library Current library Shelving location Date acquired Full call number Accession Number Item type
    Lending WERC Library WERC Library Social Science Cupboard 03/31/2024 304.2 PLA 3449 Books in Stacks (Lending)

© WERC Library